000 00897nam a2200205 i 4500
003 OSt
005 20250127104016.0
006 a|||||r|||| 00| 0
008 250127s1989 au |||||r|||| 00| 0 eng d
040 _aLHL
_cLHL
100 _aVan Bijlert, Vittorio A.
245 _aEpistemology and spiritual authority :
_bth development of epistemology and logic in the old Nyaya and the buddhist school of epistemology with an annotated translation of Dharmakirti's Pramanavarttika II (Pramanasiddhi) VV. 1-7 /
_cVittorio A. Van Bijlert.
264 _aVienna, AU. ;
_bArbeitskreis fur Tibetische und Buddhistische Studien Universitat Wien,
_c1989.
300 _axxviii, 191 pages ;
_c24 cm.
336 _2rdacontent
_atext
_btxt
337 _2rdamedia
_aunmediated
_bn
338 _2rdacarrier
_avolume
_bnc
490 _aWiener studien zur Tibetologie und Buddhismuskunde
_vVol. 20
942 _2LCS
_cBOOK
_n0
999 _c2587
_d2587